| Tag |
First Indicator |
Second Indicator |
Subfields |
| LEADER |
00000cam a2200000K 4500 |
| 001 |
in00002785863 |
| 005 |
20150922145052.0 |
| 008 |
121120m17799999gw 000 1 ger d |
| 035 |
|
|
|a (OCoLC)ocm43985137
|
| 035 |
|
|
|a (OCoLC)43985137
|
| 040 |
|
|
|a YUS
|c YUS
|d OCLCQ
|d OCLCG
|d TXA
|d UtOrBLW
|
| 041 |
1 |
|
|a ger
|h spa
|
| 049 |
|
|
|a TXAM
|
| 090 |
|
|
|a PQ6331
|b .A6 1779
|
| 100 |
1 |
|
|a Cervantes Saavedra, Miguel de,
|d 1547-1616.
|
| 240 |
1 |
0 |
|a Novelas.
|l German.
|s Soden
|
| 245 |
1 |
0 |
|a Moralische Novellen ... :
|b Zum erstenmal aus dem Originale übersezt.
|
| 264 |
|
1 |
|a Leipzig :
|b Dodsley und Compagnie,
|c 1779-
|
| 300 |
|
|
|a volumes ;
|c 18 cm.
|
| 336 |
|
|
|a text
|b txt
|2 rdacontent
|
| 337 |
|
|
|a unmediated
|b n
|2 rdamedia
|
| 338 |
|
|
|a volume
|b nc
|2 rdacarrier
|
| 500 |
|
|
|a Dedication signed: S--n [i.e. Julius von Soden].
|
| 505 |
1 |
|
|a Bd. 1. Das Zigeunermädchen. Der edelmüthige Liebhaber. Lizenziat Vidriera. Die spanische Engländerinn. Die Nebenbuhlerinnen. Die thörichte Neugierde.
|
| 580 |
|
|
|a Forms part of The Eduardo Urbina Cervantes Project Collection.
|
| 700 |
1 |
|
|a Soden, Julius,
|c Graf von,
|d 1754-1831,
|e translator.
|
| 948 |
|
|
|a cataloged
|b h
|c 2013/4/19
|d c
|e lschille
|f 2:03:32 pm
|
| 994 |
|
|
|a C0
|b TXA
|
| 999 |
|
|
|a MARS
|
| 999 |
f |
f |
|s 0658d559-9a42-3607-a97b-e3e53ff6b9df
|i d516afc9-d5f4-37a2-bf42-cf2399c32583
|t 0
|
| 952 |
f |
f |
|p noncirc
|a Texas A&M University
|b College Station
|c Cushing Memorial Library & Archives
|d Cushing: Rare Books (Does not check out)
|t 0
|e PQ6331 .A6 1779
|h Library of Congress classification
|i unmediated -- volume
|k Bd.1
|
| 998 |
f |
f |
|a PQ6331 .A6 1779
|s Bd.1
|t 0
|l Cushing: Rare Books (Does not check out)
|